| Registos Bibliográficos associados ao registo de autoridade |
|
Etiqueta de registo: 00254nam 2200025 450 001 2279381 003 http://id.bnportugal.gov.pt/bib/catbnp/2279381 100 ## $a20260311d2025 k y0pory01030103ba 101 0# $aeng$dpor 102 ## $aPT 105 ## $aa m 000yy 106 ## $ar 200 1# $aPost-inflationary effects in primordial black hole formation and scalar-induced gravitational
waves$fDaniel del Corral Martínez$gorient. João Pedro de Jesus Marto, Korumili Sravan Kumar, Javier Antonio Olmedo Nieto 210 #9 $aCovilhã$c[s.n.],$d2025 215 ## $aXVI, 162 p.$cil.$d30 cm 328 #1 $aTese dout. Física, Faculdade de Ciências, Universidade da Beira Interior, 2025 675 ## $a531.5(043)$vBN$zpor$31694859 675 ## $a524.88(043)$vBN$zpor$31434065 700 #1 $aCorral Martínez,$bDaniel del$31990828 702 #1 $aMarto,$bJoão$4727$31159357 702 #1 $aKumar,$bKorumili Sravan$4727$31990829 702 #1 $aOlmedo Nieto,$bJavier Antonio$4727$31990830 801 #0 $aPT$bBN$gRPC 856 40 $2Cópia digital disponível no uBibliorum - Repositório Digital da UBI$uhttp://hdl.handle.net/10400.6/19617 966 ## $lBN$mFGMON$sS.A. 193477 V.$x1 971 ## $cssilva$d20260311 972 ## $e0$z0$d20260410$vasantos 973 ## $cmlsousa$d20260408 975 ## $e0$d20260415$viquintas
|
|
|